[Event "GBR-ch111 Major Open"]
[Site "Liverpool"]
[Date "2025.08.08"]
[Round "7.54"]
[White "Owen, Dennis"]
[Black "Buffard, Julien"]
[Result "1-0"]
[WhiteElo "1974"]
[BlackElo "1732"]
[PlyCount "63"]
[EventDate "2025.08.02"]
[EventType "swiss"]
[EventRounds "9"]
[EventCountry "GBR"]
[SourceTitle "BritBase"]
[Source "John Saunders"]
[SourceDate "2025.08.11"]
[SourceVersion "1"]
[SourceVersionDate "2025.08.11"]
[SourceQuality "1"]

1. d4 d5 2. c4 e6 3. Nc3 a6 4. cxd5 exd5 5. Bf4 Nf6 6. e3 Bd6 7. Bg5 Be7 8. Nf3 h6 9. Bh4 O-O 10. Bd3 c6 11. h3 Ne8 12. Bxe7 Qxe7 13. Qe2 Nd6 14. Nd2 Re8 15. O-O-O Bf5 16. Bxf5 Nxf5 17. Qd3 Nd6 18. Rdg1 Nd7 19. g4 Nf6 20. g5 hxg5 21. Rxg5 Nfe4 22. Rg2 Qh4 23. Ncxe4 Nxe4 24. Rhg1 g6 25. f3 Nxd2 26. Rxg6+ Kh8 27. R6g4 Qh6 28. Kxd2 Rg8 29. Qf5 Rxg4 30. Rxg4 Re8 31. Rg5 f6 32. Rh5 1-0

[Event "GBR-ch111 Major Open"]
[Site "Liverpool"]
[Date "2025.08.08"]
[Round "7.55"]
[White "Shah, Samuel"]
[Black "Ellson, Louie"]
[Result "0-1"]
[WhiteElo "1693"]
[BlackElo "1807"]
[PlyCount "108"]
[EventDate "2025.08.02"]
[EventType "swiss"]
[EventRounds "9"]
[EventCountry "GBR"]
[SourceTitle "BritBase"]
[Source "John Saunders"]
[SourceDate "2025.08.11"]
[SourceVersion "1"]
[SourceVersionDate "2025.08.11"]
[SourceQuality "1"]

1. e4 c6 2. d4 d5 3. exd5 cxd5 4. c4 Nf6 5. Nc3 Nc6 6. Nf3 a6 7. c5 Bg4 8. Be2 e6 9. h3 Bxf3 10. Bxf3 Be7 11. Bf4 O-O 12. a3 Nd7 13. O-O Bf6 14. Be3 b6 15. Qa4 Qc7 16. Bf4 Qb7 17. Bd6 Rfc8 18. Ne2 bxc5 19. Bxc5 Nxc5 20. dxc5 Ne5 21. Qb4 Nxf3+ 22. gxf3 Qc7 23. Rab1 Qxc5 24. Qxc5 Rxc5 25. Rfe1 a5 26. b4 axb4 27. Rxb4 Rca5 28. Reb1 g6 29. Rb8+ Rxb8 30. Rxb8+ Kg7 31. Rb3 Be7 32. Nf4 Bd6 33. Ne2 Rxa3 34. Rb6 Bc5 35. Rb5 Ba7 36. Rb7 Ra2 37. Kf1 Kf6 38. f4 Bc5 39. Rc7 Bd6 40. Rd7 Ra6 41. f3 Ra1+ 42. Kg2 Ra2 43. Kf1 Bc5 44. Rc7 Be3 45. Rd7 Ra1+ 46. Kg2 Re1 47. Ng3 Bxf4 48. Kf2 Bxg3+ 49. Kxg3 h5 50. h4 Rd1 51. Kf2 e5 52. Rd6+ Kf5 53. Ra6 f6 54. Ra4 Rd4 0-1

[Event "GBR-ch111 Major Open"]
[Site "Liverpool"]
[Date "2025.08.08"]
[Round "7.56"]
[White "Byrne, Colin J"]
[Black "Taylor, Matthew"]
[Result "1/2-1/2"]
[WhiteElo "1716"]
[BlackElo "1762"]
[PlyCount "68"]
[EventDate "2025.08.02"]
[EventType "swiss"]
[EventRounds "9"]
[EventCountry "GBR"]
[SourceTitle "BritBase"]
[Source "John Saunders"]
[SourceDate "2025.08.11"]
[SourceVersion "1"]
[SourceVersionDate "2025.08.11"]
[SourceQuality "1"]

1. c4 c5 2. Nc3 Nc6 3. g3 g6 4. Bg2 Bg7 5. Nf3 e5 6. e4 Nge7 7. d3 d6 8. Be3 O-O 9. Qd2 Rb8 10. O-O a6 11. Rab1 b5 12. Nd5 Nxd5 13. exd5 Ne7 14. Bh6 Nf5 15. Bxg7 Kxg7 16. b4 cxb4 17. Rxb4 Bd7 18. Rfb1 Qc7 19. Qb2 a5 20. Rb3 b4 21. Qe2 Ba4 22. R3b2 Qc5 23. g4 Nd4 24. Nxd4 Qxd4 25. Qe4 Qc3 26. Qe2 Rb6 27. Bf3 Rfb8 28. Qd2 Qxd2 29. Rxd2 b3 30. axb3 Bxb3 31. Rdb2 a4 32. Bd1 a3 33. Rxb3 a2 34. Ra1 Rxb3 1/2-1/2

[Event "GBR-ch111 Major Open"]
[Site "Liverpool"]
[Date "2025.08.08"]
[Round "7.58"]
[White "Clerc, Oceane"]
[Black "Saxena, Samidh"]
[Result "0-1"]
[WhiteElo "1844"]
[BlackElo "1445"]
[PlyCount "136"]
[EventDate "2025.08.02"]
[EventType "swiss"]
[EventRounds "9"]
[EventCountry "GBR"]
[SourceTitle "BritBase"]
[Source "John Saunders"]
[SourceDate "2025.08.11"]
[SourceVersion "1"]
[SourceVersionDate "2025.08.11"]
[SourceQuality "1"]

1. e4 e6 2. d3 d5 3. Nd2 c5 4. Ngf3 Nc6 5. g3 Nf6 6. Bg2 dxe4 7. dxe4 Be7 8. O-O O-O 9. Re1 e5 10. c3 Bg4 11. h3 Bxf3 12. Bxf3 Qd7 13. Bg2 Rfd8 14. Qc2 Qd3 15. Qxd3 Rxd3 16. Bf1 Rdd8 17. Nb3 Rac8 18. Kg2 a6 19. a4 Kf8 20. f3 c4 21. Nd2 Na5 22. f4 Bd6 23. f5 Ke8 24. Rb1 Nd7 25. Be2 Rc7 26. Rf1 Nb6 27. Ra1 f6 28. g4 Be7 29. h4 Rcd7 30. Nf3 h6 31. Be3 Rd6 32. g5 hxg5 33. hxg5 Rc6 34. Rh1 Kd7 35. Rh7 Rg8 36. Ra2 Kd8 37. Kg3 g6 38. fxg6 Rxg6 39. Kh4 fxg5+ 40. Nxg5 Rh6+ 41. Rxh6 Rxh6+ 42. Kg4 Kc7 43. Nf3 Rg6+ 44. Kh3 Nd7 45. Ra1 Re6 46. Nd2 Nb3 47. Nxb3 cxb3 48. Bc4 Rf6 49. Bg5 Rc6 50. Bxe7 Rxc4 51. Re1 Rxa4 52. Kg4 Ra5 53. Kf5 Nb6 54. Bg5 Nc4 55. Rb1 Nd6+ 56. Kg4 Nxe4 57. Bh4 Ra4 58. Kh5 Ra2 59. Re1 Nd2 60. Rxe5 Rxb2 61. Re7+ Kc6 62. Re6+ Kd5 63. Rb6 Rc2 64. Bg5 b2 65. Bxd2 Rxd2 66. Rxb7 Kc4 67. Rc7+ Kb3 68. Rb7+ Ka2 0-1

[Event "GBR-ch111 Major Open"]
[Site "Liverpool"]
[Date "2025.08.08"]
[Round "7.59"]
[White "Van Uytvange, Jonas"]
[Black "Bartlett, Joel"]
[Result "0-1"]
[WhiteElo "1566"]
[BlackElo "1858"]
[PlyCount "70"]
[EventDate "2025.08.02"]
[EventType "swiss"]
[EventRounds "9"]
[EventCountry "GBR"]
[SourceTitle "BritBase"]
[Source "John Saunders"]
[SourceDate "2025.08.11"]
[SourceVersion "1"]
[SourceVersionDate "2025.08.11"]
[SourceQuality "1"]

1. e4 e5 2. Nf3 Nc6 3. Bc4 Nf6 4. d3 Bc5 5. O-O d6 6. h3 a6 7. a3 h6 8. Nbd2 O-O 9. b4 Ba7 10. Nb3 Be6 11. Bxe6 fxe6 12. Bd2 Qe8 13. Qe2 g5 14. Be3 Nh5 15. Bxa7 Nf4 16. Qe3 Rxa7 17. Nh2 Ra8 18. Rad1 Nd4 19. Rd2 Nxb3 20. cxb3 a5 21. bxa5 Rxa5 22. a4 c5 23. Rc1 b5 24. Ng4 h5 25. Nxe5 dxe5 26. Rxc5 Qb8 27. d4 Qb6 28. Rxe5 bxa4 29. Rxa5 Qxa5 30. bxa4 Qxa4 31. Kh2 Rb8 32. Qg3 Qa5 33. e5 Qxd2 34. Qxg5+ Kh7 35. Qe7+ Kh6 0-1

[Event "GBR-ch111 Major Open"]
[Site "Liverpool"]
[Date "2025.08.08"]
[Round "7.60"]
[White "Keen, Maya"]
[Black "Blin, Henri"]
[Result "0-1"]
[WhiteElo "1805"]
[BlackElo "1704"]
[PlyCount "76"]
[EventDate "2025.08.02"]
[EventType "swiss"]
[EventRounds "9"]
[EventCountry "GBR"]
[SourceTitle "BritBase"]
[Source "John Saunders"]
[SourceDate "2025.08.11"]
[SourceVersion "1"]
[SourceVersionDate "2025.08.11"]
[SourceQuality "1"]

1. d4 Nf6 2. Nf3 e6 3. c4 Bb4+ 4. Nbd2 b6 5. g3 Bb7 6. Bg2 O-O 7. O-O d5 8. a3 Be7 9. Qc2 Nbd7 10. b4 c5 11. dxc5 bxc5 12. Rb1 cxb4 13. Nd4 Rb8 14. axb4 dxc4 15. Bxb7 Rxb7 16. Nc6 Qe8 17. Ba3 Nb6 18. Nxe7+ Qxe7 19. Ra1 Rc8 20. Ne4 Nxe4 21. Qxe4 Nd5 22. Rac1 Rbc7 23. Rc2 a5 24. Rfc1 c3 25. Rd1 Rc4 26. Rd4 Rxd4 27. Qxd4 axb4 28. e4 bxa3 29. exd5 exd5 30. Qd1 Qb4 31. Qe2 d4 32. Qg4 Rb8 33. Qe2 Qb5 34. Qd1 Qb1 35. Rc1 a2 36. Kg2 a1=Q 37. Rxb1 Qxb1 38. Qxd4 c2 0-1

[Event "GBR-ch111 Major Open"]
[Site "Liverpool"]
[Date "2025.08.08"]
[Round "7.61"]
[White "Woozeer, Seth"]
[Black "Ursu, Alexander"]
[Result "1-0"]
[WhiteElo "1780"]
[BlackElo "1636"]
[PlyCount "83"]
[EventDate "2025.08.02"]
[EventType "swiss"]
[EventRounds "9"]
[EventCountry "GBR"]
[SourceTitle "BritBase"]
[Source "John Saunders"]
[SourceDate "2025.08.11"]
[SourceVersion "1"]
[SourceVersionDate "2025.08.11"]
[SourceQuality "1"]

1. e4 c5 2. Nf3 Nc6 3. d4 cxd4 4. Nxd4 g6 5. c4 Nf6 6. Nc3 Nxd4 7. Qxd4 d6 8. Be3 Bg7 9. f3 O-O 10. Qd2 Be6 11. Rc1 a6 12. Be2 Rc8 13. b3 Qa5 14. O-O Rfe8 15. Rfd1 Nd7 16. Bd4 Bxd4+ 17. Qxd4 Qc5 18. Qxc5 Nxc5 19. f4 f6 20. Bf3 Rc7 21. Kf2 Rec8 22. Ke3 Kf8 23. h4 f5 24. exf5 Bxf5 25. Nd5 Rc6 26. g4 Be6 27. Kd4 Bxd5 28. Bxd5 R6c7 29. Rh1 b5 30. h5 Kg7 31. hxg6 hxg6 32. f5 b4 33. Rh2 Rh8 34. Rxh8 Kxh8 35. fxg6 e6 36. Rh1+ Kg8 37. Be4 Nxe4 38. Kxe4 Rg7 39. Rd1 Rd7 40. c5 d5+ 41. Ke5 Rc7 42. Kd6 1-0

[Event "GBR-ch111 Major Open"]
[Site "Liverpool"]
[Date "2025.08.08"]
[Round "7.62"]
[White "Berkley, Stephen W"]
[Black "Barton, Will"]
[Result "1-0"]
[WhiteElo "1748"]
[BlackElo "1580"]
[PlyCount "119"]
[EventDate "2025.08.02"]
[EventType "swiss"]
[EventRounds "9"]
[EventCountry "GBR"]
[SourceTitle "BritBase"]
[Source "John Saunders"]
[SourceDate "2025.08.11"]
[SourceVersion "1"]
[SourceVersionDate "2025.08.11"]
[SourceQuality "1"]

1. g3 e5 2. c4 Nf6 3. Nc3 Bb4 4. Bg2 O-O 5. Nf3 Re8 6. O-O Nc6 7. d3 Bf8 8. e4 d6 9. a3 Bg4 10. h3 Bd7 11. Be3 Qc8 12. Kh2 g6 13. d4 exd4 14. Nxd4 Ne5 15. b3 Bg7 16. Nd5 Nc6 17. Nxf6+ Bxf6 18. Rc1 Bg7 19. Ne2 Re5 20. b4 Bh6 21. f4 Rh5 22. Ng1 Bg4 23. Qd2 Qd7 24. h4 Re8 25. Qd3 Qe7 26. Rce1 Bg7 27. b5 Nd8 28. Bd4 Bxd4 29. Qxd4 Rc5 30. Bh3 Bxh3 31. Nxh3 Ne6 32. Qd3 Qf6 33. Rf2 Qd4 34. Qxd4 Nxd4 35. f5 gxf5 36. Rd1 Rxe4 37. Ng5 Re2 38. Rxe2 Nxe2 39. Rd2 Re5 40. Nf3 Re3 41. Kg2 Nc3 42. Nd4 Re5 43. Rf2 Nd1 44. Rf3 Kg7 45. Rd3 Ne3+ 46. Rxe3 Kf6 47. Rxe5 dxe5 48. Nc2 Ke6 49. Kf3 h5 50. Ke3 f6 51. Nb4 f4+ 52. gxf4 Kf5 53. fxe5 fxe5 54. Nd3 e4 55. Nc5 Kg4 56. Nxe4 Kxh4 57. Kf4 Kh3 58. c5 Kg2 59. Kg5 Kf3 60. Nd6 1-0

[Event "GBR-ch111 Major Open"]
[Site "Liverpool"]
[Date "2025.08.08"]
[Round "7.63"]
[White "Ding, Yihua"]
[Black "Railwani, Tavish"]
[Result "1-0"]
[WhiteElo "1536"]
[BlackElo "1714"]
[PlyCount "207"]
[EventDate "2025.08.02"]
[EventType "swiss"]
[EventRounds "9"]
[EventCountry "GBR"]
[SourceTitle "BritBase"]
[Source "John Saunders"]
[SourceDate "2025.08.11"]
[SourceVersion "1"]
[SourceVersionDate "2025.08.11"]
[SourceQuality "1"]

1. d4 Nf6 2. c4 e6 3. a3 d5 4. Nc3 b6 5. Bf4 c6 6. e3 Bb7 7. Nf3 Nbd7 8. h3 Be7 9. Be2 O-O 10. O-O c5 11. cxd5 exd5 12. Rc1 Ne4 13. dxc5 Ndxc5 14. Nxe4 dxe4 15. Nd4 Bf6 16. b4 Bxd4 17. exd4 Ne6 18. Be3 Bd5 19. f3 exf3 20. Bxf3 Bxf3 21. Rxf3 Qd5 22. Qd3 Rac8 23. Rcf1 Qc4 24. Qxc4 Rxc4 25. Rd1 Rd8 26. d5 Nc7 27. d6 Nb5 28. Bf4 Nc3 29. Re1 Re4 30. Rxe4 Nxe4 31. Re3 f5 32. Rd3 Kf7 33. d7 Ke6 34. Bb8 Rxd7 35. Rxd7 Kxd7 36. Kf1 Kc6 37. Ke1 a5 38. bxa5 bxa5 39. Be5 g6 40. Ke2 Kb5 41. Bg7 Ka4 42. Bf8 Kb3 43. Kf3 Nd2+ 44. Kf4 Nc4 45. Kg5 Nxa3 46. Kh6 Nc2 47. Kxh7 a4 48. Kxg6 Nb4 49. h4 a3 50. h5 a2 51. Bg7 Nd3 52. Ba1 Kc2 53. h6 Kb1 54. h7 Kxa1 55. h8=Q+ Kb1 56. Qb8+ Kc2 57. Qc7+ Kb1 58. Qb6+ Kc1 59. Qd4 Nb2 60. Qc3+ Kb1 61. Qe1+ Kc2 62. Qa1 Kb3 63. Kxf5 Nc4 64. g4 Ne3+ 65. Kf4 Nc2 66. Qh8 a1=Q 67. Qxa1 Nxa1 68. g5 Nc2 69. g6 Nd4 70. Ke5 Nc6+ 71. Kf6 Nb8 72. g7 Nd7+ 73. Ke7 Nc5 74. g8=Q+ Kc3 75. Qg4 Nd3 76. Kd6 Nb4 77. Kc5 Nd3+ 78. Kb5 Ne5 79. Qe4 Nd3 80. Qc4+ Kd2 81. Qb3 Ke2 82. Kc4 Ne5+ 83. Kd4 Nf3+ 84. Kd5 Nd2 85. Qh3 Nf3 86. Qg3 Ke3 87. Qg4 Nd2 88. Qd4+ Ke2 89. Qc3 Nf3 90. Ke4 Ng5+ 91. Kf4 Ne6+ 92. Kg4 Kf2 93. Qf6+ Ke2 94. Qxe6+ Kd3 95. Qe5 Kc2 96. Qe3 Kb2 97. Qd3 Ka2 98. Qb5 Ka3 99. Kf4 Ka2 100. Qb4 Ka1 101. Ke3 Ka2 102. Kd2 Ka1 103. Kc2 Ka2 104. Qb2# 1-0

[Event "GBR-ch111 Major Open"]
[Site "Liverpool"]
[Date "2025.08.08"]
[Round "7.64"]
[White "Coe, Laurence"]
[Black "Storey, Cameron"]
[Result "1-0"]
[WhiteElo "1833"]
[BlackElo "1774"]
[PlyCount "65"]
[EventDate "2025.08.02"]
[EventType "swiss"]
[EventRounds "9"]
[EventCountry "GBR"]
[SourceTitle "BritBase"]
[Source "John Saunders"]
[SourceDate "2025.08.11"]
[SourceVersion "1"]
[SourceVersionDate "2025.08.11"]
[SourceQuality "1"]

1. Nf3 g6 2. c4 Bg7 3. Nc3 d6 4. d4 Nc6 5. e3 Nf6 6. b3 O-O 7. Bb2 Re8 8. Be2 e5 9. dxe5 Nxe5 10. O-O Ne4 11. Qc1 Qf6 12. Nxe5 Qxe5 13. Nd1 Qg5 14. Bxg7 Kxg7 15. Bf3 h5 16. Nc3 Nxc3 17. Qxc3+ Kg8 18. Rfd1 Re5 19. Rd2 Re6 20. Rc1 Rf6 21. Be4 Re6 22. Bd5 Rf6 23. f4 Qf5 24. Rf1 Re6 25. Bxe6 Bxe6 26. Qd4 Rd8 27. Qxa7 Qe4 28. Qd4 Qc6 29. e4 f5 30. Qf6 Qe8 31. Re1 Bf7 32. e5 Kh7 33. Ree2 1-0

[Event "GBR-ch111 Major Open"]
[Site "Liverpool"]
[Date "2025.08.08"]
[Round "7.65"]
[White "Raj Konwar, Daryan"]
[Black "Banerjee, Sanjoy K"]
[Result "1-0"]
[WhiteElo "1572"]
[BlackElo "1729"]
[PlyCount "79"]
[EventDate "2025.08.02"]
[EventType "swiss"]
[EventRounds "9"]
[EventCountry "GBR"]
[SourceTitle "BritBase"]
[Source "John Saunders"]
[SourceDate "2025.08.11"]
[SourceVersion "1"]
[SourceVersionDate "2025.08.11"]
[SourceQuality "1"]

1. e4 c5 2. c3 Nf6 3. Qc2 Nc6 4. Nf3 d6 5. h3 g6 6. d3 Bg7 7. Be2 O-O 8. O-O Bd7 9. Be3 Rc8 10. Qd2 a6 11. Bh6 b5 12. Bxg7 Kxg7 13. b3 c4 14. d4 Nxe4 15. Qc2 d5 16. bxc4 bxc4 17. Bxc4 Nxd4 18. Nxd4 Rxc4 19. Nd2 Nxc3 20. Nxc4 Ne4 21. Qb2 Nf6 22. Ne3 e5 23. Nf3 d4 24. Rad1 Qc7 25. Rc1 Qa7 26. Nc4 Rb8 27. Qa1 Bb5 28. a4 Bxc4 29. Rxc4 Nd7 30. Rfc1 Rb7 31. Rc6 f6 32. Qa2 Qb8 33. Rc8 Qd6 34. Qg8+ Kh6 35. R1c6 Qa3 36. R6c7 Rxc7 37. Rxc7 Qxa4 38. Qe8 Qa1+ 39. Kh2 Nb6 40. Qf8+ 1-0

[Event "GBR-ch111 Major Open"]
[Site "Liverpool"]
[Date "2025.08.09"]
[Round "8.1"]
[White "Kolani, Arjun"]
[Black "Wall, Tim P"]
[Result "1/2-1/2"]
[WhiteElo "2118"]
[BlackElo "2158"]
[PlyCount "75"]
[EventDate "2025.08.02"]
[EventType "swiss"]
[EventRounds "9"]
[EventCountry "GBR"]
[SourceTitle "BritBase"]
[Source "John Saunders"]
[SourceDate "2025.08.11"]
[SourceVersion "1"]
[SourceVersionDate "2025.08.11"]
[SourceQuality "1"]

1. e4 e5 2. Nf3 Nc6 3. Bc4 Nf6 4. d3 h6 5. O-O d6 6. c3 g5 7. a4 Bg7 8. Na3 a6 9. Nc2 Be6 10. Bxe6 fxe6 11. Re1 g4 12. Nh4 Qd7 13. b4 Qf7 14. Be3 Qh5 15. g3 O-O 16. Rf1 Ne7 17. Ra2 Ng6 18. Nxg6 Qxg6 19. Ne1 d5 20. exd5 exd5 21. d4 e4 22. Ng2 c6 23. Qe2 Ne8 24. Bf4 h5 25. b5 c5 26. Ne3 cxd4 27. cxd4 Qe6 28. Rd2 Nd6 29. Rb1 Nf5 30. Nxf5 Rxf5 31. bxa6 Qxa6 32. Qxa6 Rxa6 33. Rxb7 Rxa4 34. Rc2 Rf7 35. Rc8+ Rf8 36. Rxf8+ Kxf8 37. Rb8+ Kf7 38. Rb7+ 1/2-1/2

[Event "GBR-ch111 Major Open"]
[Site "Liverpool"]
[Date "2025.08.09"]
[Round "8.2"]
[White "Ortiz Sanchez, Luis"]
[Black "Quaite, Toby"]
[Result "1/2-1/2"]
[WhiteElo "1908"]
[BlackElo "1988"]
[PlyCount "68"]
[EventDate "2025.08.02"]
[EventType "swiss"]
[EventRounds "9"]
[EventCountry "GBR"]
[SourceTitle "BritBase"]
[Source "John Saunders"]
[SourceDate "2025.08.11"]
[SourceVersion "1"]
[SourceVersionDate "2025.08.11"]
[SourceQuality "1"]

1. e4 Nf6 2. e5 Nd5 3. c4 Nb6 4. d4 d6 5. f4 g5 6. Nc3 Bg7 7. Nf3 gxf4 8. exd6 cxd6 9. Bxf4 Bg4 10. Be2 Nc6 11. O-O Bxf3 12. Bxf3 e5 13. dxe5 dxe5 14. Bxc6+ bxc6 15. Qg4 Qd4+ 16. Kh1 O-O 17. c5 f5 18. Qe2 Qxc5 19. Be3 Qc4 20. Qh5 f4 21. Bf2 e4 22. Bc5 Rf7 23. Rad1 Nd7 24. Bd6 e3 25. Ne2 Nf6 26. Qf3 Nd5 27. b3 Qa6 28. g3 Qxa2 29. Rxd5 cxd5 30. Qxd5 Qxe2 31. Qxa8+ Bf8 32. Rg1 f3 33. Bxf8 Rxf8 34. Qd5+ Kg7 1/2-1/2

[Event "GBR-ch111 Major Open"]
[Site "Liverpool"]
[Date "2025.08.09"]
[Round "8.3"]
[White "Pilley, Jack"]
[Black "Taylor, Adam A"]
[Result "1/2-1/2"]
[WhiteElo "2032"]
[BlackElo "2279"]
[PlyCount "61"]
[EventDate "2025.08.02"]
[EventType "swiss"]
[EventRounds "9"]
[EventCountry "GBR"]
[SourceTitle "BritBase"]
[Source "John Saunders"]
[SourceDate "2025.08.11"]
[SourceVersion "1"]
[SourceVersionDate "2025.08.11"]
[SourceQuality "1"]

1. e4 c5 2. Nf3 Nc6 3. Bb5 Nf6 4. Nc3 g6 5. Bxc6 dxc6 6. e5 Nd5 7. Ne4 b6 8. O-O Bg7 9. h3 O-O 10. Re1 f5 11. Ng3 h6 12. a4 a5 13. d4 c4 14. Qe2 Ba6 15. c3 Qc8 16. Qc2 Qe6 17. h4 Bc8 18. b3 cxb3 19. Qxb3 Rb8 20. Ba3 Kh8 21. Rad1 Rd8 22. c4 Nc7 23. Ne2 Qf7 24. Qc3 f4 25. Bc1 Ba6 26. Nxf4 Ne6 27. Ne2 Nf8 28. Nd2 Ne6 29. Nf3 Nf8 30. Nd2 Ne6 31. Nf3 1/2-1/2

[Event "GBR-ch111 Major Open"]
[Site "Liverpool"]
[Date "2025.08.09"]
[Round "8.4"]
[White "Raju, Sooraj Menothuparam"]
[Black "Cancedda-Dupuis, Livio"]
[Result "0-1"]
[WhiteElo "2119"]
[BlackElo "2053"]
[PlyCount "88"]
[EventDate "2025.08.02"]
[EventType "swiss"]
[EventRounds "9"]
[EventCountry "GBR"]
[SourceTitle "BritBase"]
[Source "John Saunders"]
[SourceDate "2025.08.11"]
[SourceVersion "1"]
[SourceVersionDate "2025.08.11"]
[SourceQuality "1"]

1. Nf3 Nf6 2. g3 c5 3. Bg2 Nc6 4. O-O e5 5. d3 Be7 6. e4 O-O 7. c4 d6 8. Nc3 Nd4 9. Nxd4 cxd4 10. Ne2 a5 11. Kh1 Nd7 12. Ng1 Nc5 13. Qe2 f5 14. f3 Be6 15. b3 Qd7 16. Ba3 Rae8 17. Bh3 f4 18. Bxe6+ Nxe6 19. Nh3 fxg3 20. hxg3 Nf4 21. Nxf4 exf4 22. Bb2 fxg3 23. Kg2 Bf6 24. f4 d5 25. cxd5 Qxd5 26. Rac1 a4 27. Ba3 Rf7 28. Qg4 h5 29. Rc8 Bd8 30. Qf3 Qe6 31. Rc4 axb3 32. axb3 b5 33. Rxd4 Qxb3 34. Bc1 h4 35. Kh3 Qc2 36. Qg2 Qc8+ 37. f5 Bf6 38. Rd5 Rd8 39. e5 Rxd5 40. Qxd5 Qc2 41. Be3 Qh2+ 42. Kg4 g2 43. e6 Qg3+ 44. Kh5 Kh7 0-1

[Event "GBR-ch111 Major Open"]
[Site "Liverpool"]
[Date "2025.08.09"]
[Round "8.5"]
[White "Nelson, Jonathan P"]
[Black "Norris, Zack"]
[Result "1/2-1/2"]
[WhiteElo "2114"]
[BlackElo "2036"]
[PlyCount "45"]
[EventDate "2025.08.02"]
[EventType "swiss"]
[EventRounds "9"]
[EventCountry "GBR"]
[SourceTitle "BritBase"]
[Source "John Saunders"]
[SourceDate "2025.08.11"]
[SourceVersion "1"]
[SourceVersionDate "2025.08.11"]
[SourceQuality "1"]

1. e4 c5 2. c3 Nf6 3. e5 Nd5 4. d4 cxd4 5. Nf3 Nc6 6. cxd4 d6 7. Bc4 Nb6 8. Bb5 dxe5 9. Nxe5 Bd7 10. Nxd7 Qxd7 11. Nc3 e6 12. O-O Be7 13. Qg4 O-O 14. Be3 a6 15. Bxc6 Qxc6 16. Rac1 Qd7 17. Rfd1 Rfd8 18. Bh6 Bf8 19. Bg5 Be7 20. Bh6 Bf8 21. Bg5 Be7 22. Bh6 Bf8 23. Bg5 1/2-1/2

[Event "GBR-ch111 Major Open"]
[Site "Liverpool"]
[Date "2025.08.09"]
[Round "8.6"]
[White "Varnam, Liam D"]
[Black "Potter, John M"]
[Result "1-0"]
[WhiteElo "2105"]
[BlackElo "2015"]
[PlyCount "99"]
[EventDate "2025.08.02"]
[EventType "swiss"]
[EventRounds "9"]
[EventCountry "GBR"]
[SourceTitle "BritBase"]
[Source "John Saunders"]
[SourceDate "2025.08.11"]
[SourceVersion "1"]
[SourceVersionDate "2025.08.11"]
[SourceQuality "1"]

1. e4 d6 2. d4 Nf6 3. Nc3 g6 4. Nf3 Bg7 5. Be2 O-O 6. O-O e6 7. Re1 Nc6 8. Bb5 Ne7 9. Qe2 a6 10. Bd3 h6 11. Bd2 b5 12. e5 Nd7 13. exd6 cxd6 14. Ne4 Nb6 15. Bf4 Nf5 16. c3 Nd5 17. Bd2 Bb7 18. a4 b4 19. c4 Nde7 20. Bxb4 Nc6 21. Bc3 Ncxd4 22. Nxd4 Nxd4 23. Qe3 e5 24. Bxd4 exd4 25. Qg3 Bxe4 26. Bxe4 Rb8 27. Rab1 Qa5 28. Bd5 Rxb2 29. Qxg6 Rxb1 30. Qxb1 Qxa4 31. Qf5 Qa3 32. g3 d3 33. Re8 Qa1+ 34. Kg2 Qf6 35. Rxf8+ Kxf8 36. Qxd3 a5 37. Qa3 Qd8 38. Qf3 Qc7 39. Bc6 Kg8 40. Qe4 Qd8 41. h4 Qc7 42. g4 Qd8 43. Kh3 Bf6 44. h5 Be5 45. f4 Bf6 46. Qf5 Qe7 47. Be4 a4 48. g5 hxg5 49. fxg5 Be5 50. Qc8+ 1-0

[Event "GBR-ch111 Major Open"]
[Site "Liverpool"]
[Date "2025.08.09"]
[Round "8.7"]
[White "Amoako, Selikem PJ"]
[Black "Nicholas, Koichi B"]
[Result "0-1"]
[WhiteElo "1948"]
[BlackElo "2091"]
[PlyCount "68"]
[EventDate "2025.08.02"]
[EventType "swiss"]
[EventRounds "9"]
[EventCountry "GBR"]
[SourceTitle "BritBase"]
[Source "John Saunders"]
[SourceDate "2025.08.11"]
[SourceVersion "1"]
[SourceVersionDate "2025.08.11"]
[SourceQuality "1"]

1. e4 e5 2. Nf3 Nc6 3. Bb5 a6 4. Ba4 Nf6 5. O-O Be7 6. Re1 b5 7. Bb3 O-O 8. a4 b4 9. c3 d5 10. exd5 Nxd5 11. d4 exd4 12. Nxd4 Nxd4 13. Bxd5 Qxd5 14. Qxd4 Qxd4 15. cxd4 Bf6 16. Bf4 Bxd4 17. Bxc7 Be6 18. a5 Bxb2 19. Ra4 b3 20. Rb4 Rfc8 21. Bf4 Rc5 22. Bd2 h6 23. h3 Rc2 24. Bf4 Rac8 25. Be3 Bc1 26. Ba7 Rb2 27. Nc3 Bd2 28. Rd1 Bxc3 29. Rb6 Rd2 30. Rb1 Bd4 31. Rxa6 Bxa7 32. Rxa7 b2 33. Rf1 Rc1 34. Rb7 Bc4 0-1

[Event "GBR-ch111 Major Open"]
[Site "Liverpool"]
[Date "2025.08.09"]
[Round "8.8"]
[White "Sefton, Adam"]
[Black "Thomas, James"]
[Result "1-0"]
[WhiteElo "2074"]
[BlackElo "1882"]
[PlyCount "61"]
[EventDate "2025.08.02"]
[EventType "swiss"]
[EventRounds "9"]
[EventCountry "GBR"]
[SourceTitle "BritBase"]
[Source "John Saunders"]
[SourceDate "2025.08.11"]
[SourceVersion "1"]
[SourceVersionDate "2025.08.11"]
[SourceQuality "1"]

1. e4 e6 2. d4 d5 3. Nd2 c5 4. Ngf3 cxd4 5. exd5 Qxd5 6. Bc4 Qd6 7. O-O Nf6 8. Nb3 Nc6 9. Nbxd4 Nxd4 10. Nxd4 Be7 11. Re1 O-O 12. c3 Qc7 13. Bb3 Bd7 14. Qf3 a5 15. a4 Rac8 16. Bf4 Qb6 17. Be5 Rfd8 18. Rab1 Bc6 19. Qh3 Bd5 20. Bc2 h6 21. b3 Qc5 22. c4 Bc6 23. Rbd1 Nd7 24. Nxe6 fxe6 25. Qxe6+ Kf8 26. Bxg7+ Kxg7 27. Qg6+ Kf8 28. Qxh6+ Kf7 29. Bg6+ Kf6 30. Bh5+ Kf5 31. g4# 1-0

[Event "GBR-ch111 Major Open"]
[Site "Liverpool"]
[Date "2025.08.09"]
[Round "8.9"]
[White "Jayar, Om Reddy"]
[Black "Lee, Alexandre KM"]
[Result "0-1"]
[WhiteElo "1686"]
[BlackElo "2006"]
[PlyCount "82"]
[EventDate "2025.08.02"]
[EventType "swiss"]
[EventRounds "9"]
[EventCountry "GBR"]
[SourceTitle "BritBase"]
[Source "John Saunders"]
[SourceDate "2025.08.11"]
[SourceVersion "1"]
[SourceVersionDate "2025.08.11"]
[SourceQuality "1"]

1. c4 Nf6 2. Nc3 g6 3. g3 Bg7 4. Bg2 O-O 5. e4 d6 6. Nge2 c5 7. d3 Nc6 8. O-O Rb8 9. h3 Ne8 10. Be3 Nc7 11. d4 b5 12. cxb5 Nxb5 13. dxc5 dxc5 14. Na4 Nbd4 15. Nec3 Na5 16. b3 c4 17. Nd5 Ndc6 18. Rb1 cxb3 19. axb3 e6 20. Ndc3 Nd4 21. Ne2 Nac6 22. f4 Ba6 23. Nxd4 Bxd4 24. Re1 e5 25. Qc2 Nb4 26. Qd2 Bxe3+ 27. Qxe3 Nc2 28. Qf3 Nxe1 29. Rxe1 Qd4+ 30. Kh2 Rfd8 31. f5 Qd2 32. Rg1 Rbc8 33. h4 Qe2 34. Qxe2 Bxe2 35. fxg6 hxg6 36. Nb2 Rd2 37. Nc4 Bxc4 38. bxc4 Rxc4 39. Kh3 Rcc2 40. Bf3 Rf2 41. Bd1 Rc1 0-1